000 00673cam a22002293a 4500
001 13407
003 PGUSA
005 20140828083304.0
008 040909s2004||||xxu|||||s|||||000 | eng d
040 _aPGUSA
_beng
042 _adc
050 4 _aBF
100 1 _aAtkinson, William Walker,
_d1862-1932
245 1 2 _aA Series of Lessons in Gnani Yoga :
_bThe Yoga of Wisdom
_h[electronic resource] /
_cWilliam Walker Atkinson
260 _bProject Gutenberg,
_c2004
506 _aPublic domain in the USA.
516 _aElectronic text
653 _aYoga, Jñana
830 0 _aProject Gutenberg
_v13407
856 4 0 _uhttp://www.gutenberg.org/ebooks/13407
942 _cEB
999 _c242662
_d242662